[Event "Open de Otoño Fundación CajaCanarias"]
[Site "Santa Cruz de Tenerife ESP"]
[Date "2014.11.07"]
[Round "6.4"]
[White "Evora Brondo, Jose Luis"]
[Black "Ramos Aguilar, Jose Manuel"]
[Result "1-0"]
[WhiteElo "1915"]
[BlackElo "2103"]
[PlyCount "91"]
[EventDate "2014.10.27"]
[EventType "swiss"]
[EventRounds "9"]
[EventCountry "ESP"]
[Source "lmi"]
[SourceDate "2014.10.27"]

1. e4 c5 2. Nc3 e6 3. Nf3 a6 4. d4 cxd4 5. Nxd4 Qc7 6. Bd3 Bc5 7. Nb3 Be7 8.
O-O Nf6 9. f4 d6 10. e5 dxe5 11. fxe5 Qxe5 12. Bf4 Qh5 13. Be2 Qh4 14. g3 Qh3
15. Ne4 e5 16. Ng5 Qd7 17. Bxe5 Nc6 18. Bc3 Qxd1 19. Raxd1 O-O 20. Bd3 h6 21.
Bxf6 hxg5 22. Bxe7 Nxe7 23. Rde1 Nc6 24. Be4 Bh3 25. Rf2 Rfe8 26. Nc5 f6 27.
Nb3 Re5 28. Rfe2 Rae8 29. Kf2 Bg4 30. Re3 Nb4 31. Bh7+ Kxh7 32. Rxe5 Rc8 33.
Na1 f5 34. h3 Bh5 35. a3 Nc6 36. Rd5 Bg6 37. Nb3 Nd8 38. Nd4 Nf7 39. Rd7 f4 40.
Ree7 fxg3+ 41. Kxg3 Nh8 42. Rxg7+ Kh6 43. c3 Rc5 44. Rge7 Bb1 45. Rd6+ Ng6 46.
Rb6 1-0

[Event "Open de Otoño Fundación CajaCanarias"]
[Site "Santa Cruz de Tenerife ESP"]
[Date "2014.11.07"]
[Round "6.6"]
[White "Gonzalez Moreno, Juan Carlos"]
[Black "Pinto Henriquez, Rodrigo"]
[Result "0-1"]
[WhiteElo "1714"]
[BlackElo "2115"]
[PlyCount "80"]
[EventDate "2014.10.27"]
[EventType "swiss"]
[EventRounds "9"]
[EventCountry "ESP"]
[Source "lmi"]
[SourceDate "2014.10.27"]

1. e4 e5 2. Nf3 Nc6 3. Bc4 Bc5 4. O-O d6 5. c3 Qf6 6. d4 exd4 7. Bg5 Qg6 8. Qd2
h6 9. Bf4 Bg4 10. Nxd4 Ne5 11. Be2 Ne7 12. Bg3 Bxe2 13. Qxe2 O-O 14. Nd2 Rae8
15. Kh1 f5 16. Bxe5 dxe5 17. Qc4+ Rf7 18. Qxc5 exd4 19. exf5 Nxf5 20. cxd4 b6
21. Qc4 Nd6 22. Qd5 Kh8 23. Nf3 Qc2 24. b3 Rf5 25. Ne5 Rxf2 26. Rac1 Ref8 27.
Rfe1 Kh7 28. h3 Qf5 29. Rxc7 Rf1+ 30. Rxf1 Qxf1+ 31. Kh2 Qf4+ 32. Kh1 Nf5 33.
Rf7 Rxf7 34. Qxf7 Qc1+ 35. Kh2 Qg5 36. Qd5 Qf4+ 37. Kg1 Nxd4 38. Nd3 Ne2+ 39.
Kh1 Qf1+ 40. Kh2 Qg1# 0-1

[Event "Open de Otoño Fundación CajaCanarias"]
[Site "Santa Cruz de Tenerife ESP"]
[Date "2014.11.07"]
[Round "6.7"]
[White "Guniaeva, Olga"]
[Black "Lopez Pereyra, Antonio"]
[Result "1/2-1/2"]
[WhiteElo "1685"]
[BlackElo "2108"]
[PlyCount "136"]
[EventDate "2014.10.27"]
[EventType "swiss"]
[EventRounds "9"]
[EventCountry "ESP"]
[Source "lmi"]
[SourceDate "2014.10.27"]

1. d4 e6 2. c4 f5 3. Nf3 Nf6 4. Nc3 Be7 5. Bf4 O-O 6. e3 d6 7. Bd3 Qe8 8. Bg3
Nc6 9. Bc2 Bd8 10. O-O e5 11. Ba4 e4 12. Nd2 Bd7 13. h3 Qg6 14. Ne2 Qh6 15. Bf4
g5 16. Bg3 Nh5 17. f4 Nxg3 18. Nxg3 gxf4 19. exf4 Qg7 20. Bxc6 Qxd4+ 21. Kh2
bxc6 22. Qc2 Be8 23. Rad1 Qg7 24. Nb3 Bh4 25. Nh1 Bh5 26. Rb1 e3 27. g3 Bf6 28.
Rfe1 Rac8 29. Qd3 Bf3 30. Rxe3 Be4 31. Qe2 d5 32. cxd5 cxd5 33. Rd1 Kh8 34.
Rxd5 Rb8 35. Rd1 a5 36. Rd2 Rb6 37. Nxa5 Bd4 38. Rb3 Rxb3 39. Nxb3 Bb6 40. Nf2
Rg8 41. Nxe4 fxe4 42. Qe1 e3 43. Rg2 Qd7 44. Qc3+ Rg7 45. Nc5 Qd8 46. b4 h5 47.
Qxe3 h4 48. g4 Qd6 49. Qe8+ Kh7 50. Qh5+ Kg8 51. Qf5 Rf7 52. Qg5+ Rg7 53. Qe5
Qc6 54. Qe6+ Qxe6 55. Nxe6 Rd7 56. a4 Kf7 57. f5 Kf6 58. a5 Ba7 59. Rc2 Rd1 60.
Nxc7 Ke5 61. b5 Bd4 62. Ne6 Be3 63. Rb2 Ke4 64. a6 Kf3 65. Rg2 Ba7 66. Ng5+ Kf4
67. Ne6+ Kf3 68. Ng5+ Kf4 1/2-1/2

[Event "Open de Otoño Fundación CajaCanarias"]
[Site "Santa Cruz de Tenerife ESP"]
[Date "2014.11.07"]
[Round "6.9"]
[White "Thoene, Ruediger"]
[Black "Perez De La Torre, Jorge"]
[Result "1/2-1/2"]
[WhiteElo "1974"]
[BlackElo "1628"]
[PlyCount "47"]
[EventDate "2014.10.27"]
[EventType "swiss"]
[EventRounds "9"]
[EventCountry "ESP"]
[Source "lmi"]
[SourceDate "2014.10.27"]

1. g3 c5 2. c4 Nc6 3. Bg2 g6 4. Nc3 Bg7 5. d3 e5 6. e4 Nge7 7. Nge2 d6 8. Be3
O-O 9. Qd2 Be6 10. h4 h5 11. Bh6 a6 12. f3 Rb8 13. Nd5 b5 14. b3 bxc4 15. dxc4
Nd4 16. Bg5 f6 17. Nxe7+ Qxe7 18. Be3 Qb7 19. O-O Qb4 20. Nc3 Qxc3 21. Qxc3
Ne2+ 22. Kf2 Nxc3 23. Rfc1 Nxe4+ 24. fxe4 1/2-1/2

[Event "Open de Otoño Fundación CajaCanarias"]
[Site "Santa Cruz de Tenerife ESP"]
[Date "2014.11.07"]
[Round "6.10"]
[White "Sanchez Martin, Jacobo"]
[Black "Rodriguez Redondo, Adhara"]
[Result "1/2-1/2"]
[WhiteElo "1801"]
[BlackElo "1510"]
[PlyCount "64"]
[EventDate "2014.10.27"]
[EventType "swiss"]
[EventRounds "9"]
[EventCountry "ESP"]
[Source "lmi"]
[SourceDate "2014.10.27"]

1. e4 e5 2. Nf3 Nc6 3. Bc4 Bc5 4. O-O Nf6 5. d3 h6 6. h3 d6 7. Nc3 O-O 8. a3 a6
9. Re1 Re8 10. Be3 Ba7 11. Ne2 Ne7 12. c3 b5 13. Ba2 Ng6 14. Bxa7 Rxa7 15. Qc2
c5 16. Rad1 Bb7 17. Ng3 d5 18. exd5 Bxd5 19. Bxd5 Nxd5 20. d4 exd4 21. Rxe8+
Qxe8 22. cxd4 c4 23. Qf5 Qe6 24. Re1 Qxf5 25. Re8+ Kh7 26. Nxf5 Nge7 27. Nxe7
Rxe7 28. Rxe7 Nxe7 29. Kf1 Kg6 30. Ke2 Kf5 31. Nd2 Nd5 32. Kf3 Nf6 1/2-1/2

[Event "Open de Otoño Fundación CajaCanarias"]
[Site "Santa Cruz de Tenerife ESP"]
[Date "2014.11.07"]
[Round "6.11"]
[White "Ruiz Yanes, Jose David"]
[Black "Garcia Rodriguez, Pedro Leopol"]
[Result "1/2-1/2"]
[WhiteElo "1487"]
[BlackElo "1927"]
[PlyCount "56"]
[EventDate "2014.10.27"]
[EventType "swiss"]
[EventRounds "9"]
[EventCountry "ESP"]
[Source "lmi"]
[SourceDate "2014.10.27"]

1. d4 Nf6 2. c4 c5 3. d5 e6 4. Nc3 exd5 5. cxd5 d6 6. e4 g6 7. Bd3 Bg7 8. h3
O-O 9. Nf3 a6 10. a4 Nbd7 11. a5 b5 12. axb6 Qxb6 13. O-O Re8 14. Qc2 Bb7 15.
Bf4 Rac8 16. Ra4 Nh5 17. Bh2 Re7 18. Rfa1 Ra8 19. Ra5 Qc7 20. Nb5 axb5 21.
Rxa8+ Bxa8 22. Rxa8+ Nf8 23. Bxb5 Nf6 24. Nd2 Qb6 25. Bc6 Qb4 26. Ra4 Qb8 27.
Ra1 Qb4 28. Ra4 Qb8 1/2-1/2

[Event "Open de Otoño Fundación CajaCanarias"]
[Site "Santa Cruz de Tenerife ESP"]
[Date "2014.11.07"]
[Round "6.12"]
[White "Darias Darias, Luis"]
[Black "Rodriguez Redondo, Ethan"]
[Result "0-1"]
[WhiteElo "1819"]
[BlackElo "1729"]
[PlyCount "70"]
[EventDate "2014.10.27"]
[EventType "swiss"]
[EventRounds "9"]
[EventCountry "ESP"]
[Source "lmi"]
[SourceDate "2014.10.27"]

1. d4 Nf6 2. c4 e6 3. g3 Bb4+ 4. Bd2 Bxd2+ 5. Nxd2 c5 6. Ngf3 Nc6 7. Bg2 cxd4
8. O-O O-O 9. Nb3 e5 10. a3 d6 11. Qc2 a5 12. Rad1 a4 13. Nc1 Qb6 14. Ng5 Ne7
15. c5 Qxc5 16. Qxc5 dxc5 17. Nd3 Nd7 18. f4 h6 19. Ne4 Nf5 20. Rc1 Ne3 21.
Rfe1 Nxg2 22. Kxg2 b6 23. Nd6 exf4 24. gxf4 Ba6 25. Ne5 Nxe5 26. fxe5 Ra7 27.
Kf3 Re7 28. Nf5 Rxe5 29. Kf4 Rxe2 30. Rxe2 Bxe2 31. Rg1 g5+ 32. Ke5 Re8+ 33.
Kd6 Re6+ 34. Kd7 Bb5+ 35. Kd8 Kf8 0-1

[Event "Open de Otoño Fundación CajaCanarias"]
[Site "Santa Cruz de Tenerife ESP"]
[Date "2014.11.07"]
[Round "6.13"]
[White "Brito Rodriguez, Cristian"]
[Black "Afonso Carrillo, Ivan Alejandr"]
[Result "1-0"]
[WhiteElo "1389"]
[BlackElo "1449"]
[PlyCount "29"]
[EventDate "2014.10.27"]
[EventType "swiss"]
[EventRounds "9"]
[EventCountry "ESP"]
[Source "lmi"]
[SourceDate "2014.10.27"]

1. d4 d5 2. c4 dxc4 3. Nc3 e5 4. e3 Bb4 5. Bxc4 Nf6 6. Qb3 Bxc3+ 7. bxc3 O-O 8.
Nf3 e4 9. Ne5 b5 10. Bxf7+ Kh8 11. Ba3 Nbd7 12. Rd1 b4 13. Bxb4 Rb8 14. Nc6
Rxb4 15. Qxb4 1-0

[Event "Open de Otoño Fundación CajaCanarias"]
[Site "Santa Cruz de Tenerife ESP"]
[Date "2014.11.07"]
[Round "6.14"]
[White "Medina Sanchez, Gines"]
[Black "Febles Dominguez, Alfonso Jesu"]
[Result "0-1"]
[WhiteElo "1740"]
[BlackElo "1379"]
[PlyCount "170"]
[EventDate "2014.10.27"]
[EventType "swiss"]
[EventRounds "9"]
[EventCountry "ESP"]
[Source "lmi"]
[SourceDate "2014.10.27"]

1. b3 g6 2. Bb2 Nf6 3. e4 Rg8 4. e5 Nh5 5. Be2 Nf4 6. Bf3 Nc6 7. g3 Ne6 8. d4
Ng5 9. Bg2 d5 10. f4 Ne6 11. Ne2 Ng7 12. Nbc3 e6 13. a3 b6 14. Qd3 a6 15. O-O-O
Bb7 16. g4 Qd7 17. Ng3 O-O-O 18. Bf3 Ne8 19. h4 f6 20. h5 f5 21. hxg6 hxg6 22.
Rh2 Kb8 23. Rdh1 Rg7 24. Nce2 Ka7 25. gxf5 gxf5 26. Nh5 Rf7 27. Rg1 Rh7 28.
Rhg2 Qf7 29. Nhg3 Be7 30. c4 Ng7 31. cxd5 exd5 32. Nc3 Na5 33. Qc2 c5 34. Na4
cxd4 35. Nxb6 Bc5 36. Na4 Be7 37. Bxd4+ Ka8 38. Kb1 Kb8 39. Nb6 Qf8 40. Rc1
Bxa3 41. Ka2 Bxc1 42. Bc5 Qf7 43. Bd6+ Ka7 44. Qc5 Rxd6 45. Nc8+ Kb8 46. Nxd6
Qc7 47. Qxc7+ Kxc7 48. Rc2+ Kb8 49. Rxc1 Rh3 50. Rg1 Ne6 51. Ndxf5 Nxf4 52. Nd4
Rh2+ 53. Ka3 Rd2 54. Ngf5 Rd3 55. Rg8+ Ka7 56. Rg7 Kb6 57. Kb4 Nc6+ 58. Nxc6
Bxc6 59. Bg4 a5+ 60. Ka3 a4 61. Nd6 Rxb3+ 62. Ka2 Re3 63. Nc8+ Kb5 64. Na7+ Kb6
65. Nxc6 Kxc6 66. Rf7 Nd3 67. Bd7+ Kc5 68. e6 Nb4+ 69. Ka1 a3 70. Rf1 Kd6 71.
Rb1 Re4 72. Rd1 d4 73. Kb1 d3 74. Bc8 Ke7 75. Ka1 d2 76. Bb7 Re1 77. Bf3 Kxe6
78. Bg4+ Ke5 79. Bh5 Kd4 80. Kb1 Kc3 81. Bg4 a2+ 82. Ka1 Kc2 83. Bf3 Rxd1+ 84.
Bxd1+ Kxd1 85. Kb2 Ke2 0-1

[Event "Open de Otoño Fundación CajaCanarias"]
[Site "Santa Cruz de Tenerife ESP"]
[Date "2014.11.07"]
[Round "6.15"]
[White "Bernardez Gonzalez, Roberto"]
[Black "Iriarte Callejas, Joaquin"]
[Result "1/2-1/2"]
[WhiteElo "1420"]
[BlackElo "1565"]
[PlyCount "56"]
[EventDate "2014.10.27"]
[EventType "swiss"]
[EventRounds "9"]
[EventCountry "ESP"]
[Source "lmi"]
[SourceDate "2014.10.27"]

1. d4 f5 2. Nf3 Nf6 3. Bf4 e6 4. e3 b6 5. c4 Bb4+ 6. Nc3 O-O 7. Qb3 a5 8. Bd3
Bb7 9. Qd1 Ne4 10. Rc1 d6 11. O-O Bxc3 12. bxc3 Nd7 13. h3 Qe8 14. Be2 e5 15.
Bh2 f4 16. exf4 exf4 17. d5 Ndc5 18. Nd4 Qg6 19. Bh5 Qg5 20. Bg4 Rae8 21. Re1
Re7 22. f3 Ng3 23. Rxe7 Qxe7 24. Bxg3 fxg3 25. Qe1 Qg5 26. Rd1 h5 27. Be6+ Kh8
28. Qd2 Qf6 1/2-1/2

[Event "Open de Otoño Fundación CajaCanarias"]
[Site "Santa Cruz de Tenerife ESP"]
[Date "2014.11.07"]
[Round "6.16"]
[White "Diaz Reyes, Franklin"]
[Black "Sosa Sosa, Jose Manuel"]
[Result "1-0"]
[WhiteElo "1299"]
[BlackElo "1551"]
[PlyCount "69"]
[EventDate "2014.10.27"]
[EventType "swiss"]
[EventRounds "9"]
[EventCountry "ESP"]
[Source "lmi"]
[SourceDate "2014.10.27"]

1. e4 c5 2. Nf3 Nc6 3. d4 cxd4 4. Nxd4 g6 5. Be2 Bg7 6. Be3 Nf6 7. Nc3 d6 8.
O-O O-O 9. Nb3 a6 10. a4 Be6 11. Nd4 Qd7 12. Nxe6 Qxe6 13. f3 Nd7 14. Qd2 Rfd8
15. Kh1 Nce5 16. Bh6 Nc4 17. Bxc4 Qxc4 18. Bxg7 Kxg7 19. Rad1 Rac8 20. Qd4+ Ne5
21. f4 Qxd4 22. Rxd4 Rc4 23. Rfd1 Rxd4 24. Rxd4 Nc6 25. Rd1 Nb4 26. Rd2 Rc8 27.
Kg1 Kf6 28. Kf2 Rc4 29. Ke3 Ke6 30. h3 f5 31. exf5+ Kxf5 32. g3 b5 33. axb5
axb5 34. Nxb5 Rxc2 35. Nd4+ 1-0

[Event "Open de Otoño Fundación CajaCanarias"]
[Site "Santa Cruz de Tenerife ESP"]
[Date "2014.11.07"]
[Round "6.17"]
[White "De La Rosa Baez, Carlos"]
[Black "Chirinos Rodriguez, Jonathan E"]
[Result "1-0"]
[WhiteElo "1326"]
[BlackElo "1538"]
[PlyCount "69"]
[EventDate "2014.10.27"]
[EventType "swiss"]
[EventRounds "9"]
[EventCountry "ESP"]
[Source "lmi"]
[SourceDate "2014.10.27"]

1. c4 c6 2. Nc3 d5 3. cxd5 cxd5 4. Nf3 Nc6 5. d4 Nf6 6. g3 Bg4 7. Bg2 e6 8. O-O
Be7 9. Bg5 h6 10. Bf4 O-O 11. Qd2 Rc8 12. Rac1 Bb4 13. a3 Ba5 14. Rc2 Bf5 15.
Rcc1 Ne4 16. Qe3 Bxc3 17. bxc3 Na5 18. Ne5 Nb3 19. Bxe4 Bxe4 20. Rcd1 g5 21. c4
Na5 22. Nxf7 Rxf7 23. cxd5 gxf4 24. Qxe4 Qxd5 25. Qg6+ Rg7 26. Qxh6 fxg3 27.
fxg3 Rf8 28. e3 Nc4 29. Rxf8+ Kxf8 30. Rf1+ Kg8 31. Rf6 e5 32. Rf5 Qe4 33. Qe6+
Kh8 34. Qe8+ Rg8 35. Qh5+ 1-0

[Event "Open de Otoño Fundación CajaCanarias"]
[Site "Santa Cruz de Tenerife ESP"]
[Date "2014.11.07"]
[Round "6.20"]
[White "Martin Ortega, Oscar"]
[Black "Martinez Morina, Manel"]
[Result "1-0"]
[WhiteElo "1909"]
[BlackElo "1826"]
[PlyCount "57"]
[EventDate "2014.10.27"]
[EventType "swiss"]
[EventRounds "9"]
[EventCountry "ESP"]
[Source "lmi"]
[SourceDate "2014.10.27"]

1. e4 c5 2. Nf3 d6 3. d4 cxd4 4. Nxd4 Nf6 5. Nc3 a6 6. f4 e5 7. Nf3 Qc7 8. a4
Be6 9. Bd3 Be7 10. O-O O-O 11. Kh1 Nbd7 12. Qe2 Rac8 13. fxe5 dxe5 14. Bg5 Rfd8
15. Nd5 Bxd5 16. exd5 Nxd5 17. Bxe7 Nxe7 18. Bxh7+ Kf8 19. Ng5 Nf6 20. Rae1 Nc6
21. c3 Qe7 22. Bf5 Rc7 23. Bb1 Re8 24. Rxf6 gxf6 25. Nh7+ Kg7 26. Qg4+ Kh8 27.
Qh4 Rg8 28. Nxf6+ Kg7 29. Qg5+ 1-0

[Event "Open de Otoño Fundación CajaCanarias"]
[Site "Santa Cruz de Tenerife ESP"]
[Date "2014.11.07"]
[Round "6.22"]
[White "Gonzalez Diaz, Eusebio"]
[Black "Perez Martin, Nicanor"]
[Result "0-1"]
[WhiteElo "1440"]
[BlackElo "1599"]
[PlyCount "58"]
[EventDate "2014.10.27"]
[EventType "swiss"]
[EventRounds "9"]
[EventCountry "ESP"]
[Source "lmi"]
[SourceDate "2014.10.27"]

1. e4 Nf6 2. Nc3 d5 3. f3 dxe4 4. Nxe4 Nxe4 5. fxe4 e5 6. Nf3 c5 7. Bc4 Nc6 8.
d3 Be7 9. O-O O-O 10. Be3 a6 11. a3 Qd6 12. Qe1 Nd4 13. Qf2 Bg4 14. Bxd4 cxd4
15. Nh4 Be6 16. Ba2 Bg5 17. Kh1 Bxa2 18. Rxa2 Qh6 19. Nf3 Be3 20. Qh4 Qxh4 21.
Nxh4 Rac8 22. b4 Rc3 23. Nf5 Bg5 24. Nd6 b5 25. g3 Rd8 26. Nxf7 Rf8 27. h4 Be3
28. Rf6 gxf6 29. Nh6+ Bxh6 0-1

[Event "Open de Otoño Fundación CajaCanarias"]
[Site "Santa Cruz de Tenerife ESP"]
[Date "2014.11.10"]
[Round "7.1"]
[White "Hernandez Leon, Alberto"]
[Black "Hidalgo Santana, Fernando"]
[Result "1-0"]
[WhiteElo "2236"]
[BlackElo "2220"]
[PlyCount "135"]
[EventDate "2014.10.27"]
[EventType "swiss"]
[EventRounds "9"]
[EventCountry "ESP"]
[Source "lmi"]
[SourceDate "2014.10.27"]

1. e4 g6 2. d4 Bg7 3. Nc3 c6 4. f4 d5 5. e5 h5 6. Nf3 Bg4 7. Be2 e6 8. Be3 Nh6
9. O-O Nd7 10. Qd2 Bf8 11. Bf2 Bxf3 12. Bxf3 Nf5 13. Nd1 Qb6 14. Rc1 Qb4 15. c3
Qa4 16. b3 Qa5 17. Ne3 Nxe3 18. Bxe3 Be7 19. Kh1 Rc8 20. Qe2 Kf8 21. c4 Kg7 22.
cxd5 cxd5 23. Rxc8 Rxc8 24. Bxh5 gxh5 25. f5 exf5 26. Qxh5 Qa6 27. Rf3 Nf8 28.
Qxf5 Qe6 29. Rg3+ Ng6 30. Rxg6+ Qxg6 31. Qxc8 Qb1+ 32. Qc1 Qxa2 33. Qd1 Kf8 34.
h3 Ke8 35. Kh2 Qb2 36. Qd3 a6 37. Bf4 Qf2 38. Bg3 Qb2 39. h4 b5 40. h5 Qc1 41.
Qf5 Qc6 42. Bf4 Kf8 43. Bg5 Qe6 44. Qxe6 fxe6 45. Bd2 Bd8 46. Kg3 a5 47. Kg4
Kf7 48. Kf4 Kg7 49. Kf3 Kf7 50. Ke2 Kg7 51. Kd3 Kf7 52. Bc1 Be7 53. g4 Kg7 54.
Bd2 Bd8 55. Ke2 Kh7 56. Kf3 Kg7 57. Kf4 Bb6 58. g5 Bd8 59. g6 a4 60. bxa4 bxa4
61. Bb4 Bh4 62. Bc5 Be1 63. Ke3 Bc3 64. Kd3 Bb2 65. Kc2 a3 66. Kb3 Kg8 67. h6
Kh8 68. Be7 1-0

[Event "Open de Otoño Fundación CajaCanarias"]
[Site "Santa Cruz de Tenerife ESP"]
[Date "2014.11.10"]
[Round "7.2"]
[White "Rodriguez Gonzalez, Javier"]
[Black "Tatai, Stefano"]
[Result "1-0"]
[WhiteElo "2229"]
[BlackElo "2331"]
[PlyCount "53"]
[EventDate "2014.10.27"]
[EventType "swiss"]
[EventRounds "9"]
[EventCountry "ESP"]
[Source "lmi"]
[SourceDate "2014.10.27"]

1. d4 f5 2. g3 Nf6 3. Bg2 d6 4. Nf3 g6 5. O-O Bg7 6. c4 O-O 7. b4 c5 8. Bb2
cxb4 9. Nbd2 Na6 10. Qb3 Kh8 11. Rae1 Nh5 12. e4 e5 13. Rd1 Qe8 14. a3 Bd7 15.
Ra1 Ba4 16. Qd3 Bc6 17. axb4 Nxb4 18. Qb1 a5 19. d5 Bd7 20. Ba3 Nf6 21. Bxb4
axb4 22. Qxb4 Rxa1 23. Rxa1 Bh6 24. h4 Qb8 25. Ng5 Bc8 26. c5 dxc5 27. Qxc5 1-0

[Event "Open de Otoño Fundación CajaCanarias"]
[Site "Santa Cruz de Tenerife ESP"]
[Date "2014.11.10"]
[Round "7.3"]
[White "De Castro De Leon, Jorge"]
[Black "Villavicencio Martinez, Adalbe"]
[Result "0-1"]
[WhiteElo "1630"]
[BlackElo "2318"]
[PlyCount "52"]
[EventDate "2014.10.27"]
[EventType "swiss"]
[EventRounds "9"]
[EventCountry "ESP"]
[Source "lmi"]
[SourceDate "2014.10.27"]

1. e4 c5 2. Nf3 d6 3. d4 cxd4 4. Nxd4 Nf6 5. Nc3 a6 6. Be3 Ng4 7. Bg5 h6 8. Bh4
g5 9. Bg3 Bg7 10. f3 Ne3 11. Qd2 Bxd4 12. Bf2 Qb6 13. Na4 Qc6 14. Bxe3 Bxe3 15.
Qxe3 Qxa4 16. Qc3 O-O 17. h4 Nc6 18. hxg5 Qb4 19. gxh6 Qxc3+ 20. bxc3 Be6 21.
f4 f5 22. exf5 Bxf5 23. Bc4+ Kh7 24. O-O-O Rf6 25. Rd5 Raf8 26. Rh5 Bg6 0-1

[Event "Open de Otoño Fundación CajaCanarias"]
[Site "Santa Cruz de Tenerife ESP"]
[Date "2014.11.10"]
[Round "7.4"]
[White "Molina Rodriguez, Borja"]
[Black "Evora Brondo, Jose Luis"]
[Result "1-0"]
[WhiteElo "2140"]
[BlackElo "1915"]
[PlyCount "99"]
[EventDate "2014.10.27"]
[EventType "swiss"]
[EventRounds "9"]
[EventCountry "ESP"]
[Source "lmi"]
[SourceDate "2014.10.27"]

1. e4 e5 2. Nf3 Nf6 3. Nxe5 d6 4. Nf3 Nxe4 5. d4 d5 6. Bd3 Nc6 7. O-O Be7 8. c4
Nb4 9. cxd5 Nxd3 10. Qxd3 Qxd5 11. Re1 Bf5 12. Nc3 Nxc3 13. Qxc3 Qd6 14. Bg5 f6
15. Bh4 O-O 16. Bg3 Qb4 17. Qxc7 Rf7 18. Qf4 Bd7 19. d5 Qxf4 20. Bxf4 g5 21.
Bg3 Bg4 22. d6 Bf8 23. Nd4 Rd7 24. Nb5 a6 25. Nc7 Rad8 26. Nd5 Rf7 27. h3 Bxd6
28. Bxd6 Rxd6 29. Re8+ Rf8 30. Nxf6+ Rdxf6 31. Rxf8+ Kxf8 32. hxg4 Rc6 33. Rd1
Ke7 34. Rd2 h6 35. f3 Ke6 36. Kf2 Ke5 37. Ke3 Rc1 38. Rd7 b6 39. Re7+ Kd5 40.
Rd7+ Ke5 41. Rb7 Rc6 42. g3 Kf6 43. a4 a5 44. Kd4 Kg6 45. f4 gxf4 46. gxf4 Rf6
47. Ke5 Rc6 48. f5+ Kg5 49. Rg7+ Kh4 50. f6 1-0

[Event "Open de Otoño Fundación CajaCanarias"]
[Site "Santa Cruz de Tenerife ESP"]
[Date "2014.11.10"]
[Round "7.5"]
[White "Pinto Henriquez, Rodrigo"]
[Black "Martin Ortega, Oscar"]
[Result "1-0"]
[WhiteElo "2115"]
[BlackElo "1909"]
[PlyCount "63"]
[EventDate "2014.10.27"]
[EventType "swiss"]
[EventRounds "9"]
[EventCountry "ESP"]
[Source "lmi"]
[SourceDate "2014.10.27"]

1. d4 c5 2. d5 Nf6 3. Nc3 g6 4. e4 d6 5. Be2 Bg7 6. Nf3 O-O 7. O-O Na6 8. Nd2
Nc7 9. a4 e6 10. Nc4 exd5 11. exd5 Nfe8 12. Bf4 f5 13. Qd2 b6 14. Bh6 Bxh6 15.
Qxh6 Bb7 16. Rad1 Qd7 17. Rfe1 Nf6 18. Bf3 Ba6 19. Qf4 Rad8 20. Ne3 b5 21. axb5
Nxb5 22. Nxb5 Bxb5 23. Ra1 Qc7 24. c4 Bd7 25. h4 Rb8 26. Ra2 Rb6 27. h5 Kg7 28.
Qg5 Rfb8 29. Ng4 Ng8 30. Re7+ Kf8 31. Rxh7 Qd8 32. Qxg6 1-0

[Event "Open de Otoño Fundación CajaCanarias"]
[Site "Santa Cruz de Tenerife ESP"]
[Date "2014.11.10"]
[Round "7.6"]
[White "Paz Mendez, German Christopher"]
[Black "Hernandez Leon, Sergio"]
[Result "1-0"]
[WhiteElo "1715"]
[BlackElo "2075"]
[PlyCount "117"]
[EventDate "2014.10.27"]
[EventType "swiss"]
[EventRounds "9"]
[EventCountry "ESP"]
[Source "lmi"]
[SourceDate "2014.10.27"]

1. d4 Nf6 2. c4 e6 3. Nf3 c5 4. g3 cxd4 5. Nxd4 Nc6 6. Nxc6 bxc6 7. Bg2 Be7 8.
O-O O-O 9. Qa4 Qc7 10. Nc3 d5 11. Bg5 Rb8 12. cxd5 cxd5 13. Rfc1 Qd7 14. Qxd7
Bxd7 15. Rc2 Rfc8 16. Rac1 Bd6 17. Bxf6 gxf6 18. e3 a5 19. Ne2 Rxc2 20. Rxc2
Ba4 21. b3 Bd7 22. e4 dxe4 23. Bxe4 f5 24. Bc6 Rc8 25. Nd4 Bxc6 26. Nxc6 Kf8
27. Rc4 Ra8 28. Ra4 Rc8 29. Nxa5 Rc2 30. Nb7 Be5 31. Kf1 Ke8 32. h3 Kd7 33. Na5
Bb8 34. Nc4 Kc6 35. Ne3 Rb2 36. Kg2 Bc7 37. Kf3 h5 38. Rc4+ Kd7 39. Rc2 Rb1 40.
Nc4 f6 41. Nb2 Be5 42. Nd3 Bd4 43. Nf4 e5 44. Nxh5 e4+ 45. Kf4 e3 46. f3 Rf1
47. Re2 Rf2 48. Rxe3 Bxe3+ 49. Kxe3 Rxa2 50. Kf4 Ra5 51. Nxf6+ Ke6 52. Nh5 Rb5
53. g4 fxg4 54. hxg4 Rxb3 55. Ke4 Rb4+ 56. Ke3 Ra4 57. Kf2 Ke5 58. Kg3 Ra3 59.
Ng7 1-0

[Event "Open de Otoño Fundación CajaCanarias"]
[Site "Santa Cruz de Tenerife ESP"]
[Date "2014.11.10"]
[Round "7.7"]
[White "Kraus, Oliver"]
[Black "Ramos Aguilar, Jose Manuel"]
[Result "0-1"]
[WhiteElo "2024"]
[BlackElo "2103"]
[PlyCount "116"]
[EventDate "2014.10.27"]
[EventType "swiss"]
[EventRounds "9"]
[EventCountry "ESP"]
[Source "lmi"]
[SourceDate "2014.10.27"]

1. d4 Nf6 2. Nf3 g6 3. Bf4 Bg7 4. e3 c5 5. c3 cxd4 6. exd4 O-O 7. Be2 d6 8. h3
Nbd7 9. O-O Qc7 10. Nbd2 b6 11. a4 a6 12. Re1 Bb7 13. Bd3 Rfe8 14. Nc4 Bc6 15.
Bh2 Qb7 16. Qe2 Bh6 17. Ne3 Nf8 18. c4 Bxf3 19. gxf3 Ne6 20. Nc2 Ng5 21. d5
Nxh3+ 22. Kg2 Qd7 23. Nd4 Ng5 24. Kh1 e5 25. dxe6 Nxe6 26. Nxe6 Rxe6 27. Be4
Rae8 28. Qd3 a5 29. b4 axb4 30. a5 bxa5 31. Rxa5 Nxe4 32. Rxe4 Rxe4 33. fxe4
Qg4 34. f3 Qh3 35. Kg1 Rc8 36. Bxd6 Bf8 37. Rd5 Bxd6 38. Rxd6 Qg3+ 39. Kf1 Qg5
40. Kf2 h5 41. Qd4 h4 42. c5 Qg3+ 43. Ke2 Qg2+ 44. Ke1 h3 45. Rd8+ Rxd8 46.
Qxd8+ Kg7 47. Qd4+ Kh7 48. Qf6 h2 49. Qxf7+ Kh6 50. Qf4+ Kh5 51. Qe5+ Kh4 52.
Qf4+ Kh3 53. Qh6+ Kg3 54. Qxg6+ Kxf3 55. Qf6+ Ke3 56. Qh6+ Kd3 57. Qd6+ Kc3 58.
Qe5+ Kc2 0-1

[Event "Open de Otoño Fundación CajaCanarias"]
[Site "Santa Cruz de Tenerife ESP"]
[Date "2014.11.10"]
[Round "7.8"]
[White "Lopez Pereyra, Antonio"]
[Black "Brito Rodriguez, Cristian"]
[Result "1-0"]
[WhiteElo "2108"]
[BlackElo "1389"]
[PlyCount "67"]
[EventDate "2014.10.27"]
[EventType "swiss"]
[EventRounds "9"]
[EventCountry "ESP"]
[Source "lmi"]
[SourceDate "2014.10.27"]

1. e4 e6 2. d4 d5 3. e5 c5 4. c3 Qb6 5. Nf3 Nc6 6. a3 Nge7 7. b4 c4 8. Nbd2 Nf5
9. Be2 Bd7 10. O-O O-O-O 11. a4 a6 12. Re1 Be7 13. Nb1 h6 14. Na3 f6 15. g4
Nfxd4 16. cxd4 Bxb4 17. Rf1 fxe5 18. dxe5 Rhf8 19. Rb1 Qa5 20. Nc2 Bc3 21. Ba3
Rf4 22. Ne3 Nxe5 23. Nxe5 Rd4 24. Qc1 Rd2 25. N5xc4 dxc4 26. Nxc4 Bxa4 27. Nxa5
Rc2 28. Qf4 Bxa5 29. Qxa4 Rxe2 30. Qc4+ Bc7 31. Qxe2 Rd4 32. Qxe6+ Kb8 33.
Rxb7+ Kxb7 34. Rb1+ 1-0